Catálogo
 En Linea

Mi vida pastoral : (Registro nro. 43782)

Detalles MARC
000 -CABECERA
campo de control de longitud fija 00946nam a2200217 a 4500
001 - NÚMERO DE CONTROL
campo de control 000044293
005 - FECHA Y HORA DE LA ÚLTIMA TRANSACCIÓN
campo de control 20250217091458.0
008 - DATOS DE LONGITUD FIJA--INFORMACIÓN GENERAL
campo de control de longitud fija 140612s2006 dr ab 000 0bspa d
020 ## - NÚMERO INTERNACIONAL ESTÁNDAR DEL LIBRO
Número Internacional Estándar del Libro 9945859404
040 ## - FUENTE DE LA CATALOGACIÓN
Centro catalogador/agencia de origen DO-SdBNP
Lengua de catalogación spa
Centro/agencia transcriptor BNPHU
082 ## - NÚMERO DE LA CLASIFICACIÓN DECIMAL DEWEY
Número de clasificación 922.2
Número de documento/Ítem L864m
100 1# - ENTRADA PRINCIPAL--NOMBRE DE PERSONA
Nombre de persona López Rodríguez, Nicolás de Jesús,
Fechas asociadas al nombre 1936-
9 (RLIN) 670
245 10 - MENCIÓN DE TÍTULO
Título Mi vida pastoral :
Resto del título ministerio episcopal en San Francisco de Macorís 1978-1981 y 25 años pastoreando la Arquidiócesis de Santo Domingo 1981-2006 /
Mención de responsabilidad, etc. Nicolás de Jesús López Rodríguez.
260 ## - PUBLICACIÓN, DISTRIBUCIÓN, ETC.
Lugar de publicación, distribución, etc. Santo Domingo :
Nombre del editor, distribuidor, etc. Arzobispado de Santo Domingo,
Fecha de publicación, distribución, etc. 2006.
300 ## - DESCRIPCIÓN FÍSICA
Extensión 453 p. :
Otras características físicas il., retrs. ;
Dimensiones 23 cm.
590 ## - NOTA LOCAL (RLIN)
Nota local Inventariado, 2019/MFF
600 10 - PUNTO DE ACCESO ADICIONAL DE MATERIA--NOMBRE DE PERSONA
Nombre de persona López Rodríguez, Nicolás de Jesús,
Fechas asociadas al nombre 1936-
9 (RLIN) 670
650 #4 - PUNTO DE ACCESO ADICIONAL DE MATERIA--TÉRMINO DE MATERIA
Término de materia o nombre geográfico como elemento de entrada Obispos
Subdivisión geográfica República Dominicana
Subdivisión de forma BIOGRAFÍAS
9 (RLIN) 72294
651 #4 - PUNTO DE ACCESO ADICIONAL DE MATERIA--NOMBRE GEOGRÁFICO
Nombre geográfico República Dominicana
Subdivisión general Historia Eclesiástica
Subdivisión cronológica SIGLO XX
9 (RLIN) 2410
910 ## - DATOS DE OPCIÓN DEL USUARIO (OCLC)
Datos de opción del usuario Validado. Control de calidad MFF
Existencias
Estado de retiro Estado de pérdida No para préstamo Código de colección Localización permanente Ubicación/localización actual Ubicación en estantería Fecha de adquisición Número de inventario Total de préstamos Signatura topográfica completa Código de barras Fecha visto por última vez Precio válido a partir de Tipo de ítem Koha Número de copia
    Excluido de préstamo Patrimonio Dominicano Patrimonio Dominicano Patrimonio Dominicano Depósito 12.06.2014 LF1   922.2 L864m 44293-10 25.06.2020 25.06.2020 Libro y Folleto Colección Patrimonio Dominicano  
    Excluido de préstamo Patrimonio Dominicano Patrimonio Dominicano Patrimonio Dominicano Depósito 12.06.2014 LF1   922.2 L864m 44293-20 25.06.2020 25.06.2020 Libro y Folleto Colección Patrimonio Dominicano e. 2

Con tecnología Koha